The Cosna-Nowitna region, Alaska, (Record no. 25833)

MARC details
000 -LEADER
fixed length control field 00763nam a22002291 4500
001 - CONTROL NUMBER
control field gs 18000161
003 - CONTROL NUMBER IDENTIFIER
control field DLC
005 - DATE AND TIME OF LATEST TRANSACTION
control field 20260227111322.0
008 - FIXED-LENGTH DATA ELEMENTS--GENERAL INFORMATION
fixed length control field 770317s1918 dcuab f00010 eng c
010 ## - LIBRARY OF CONGRESS CONTROL NUMBER
LC control number gs 18000161
040 ## - CATALOGING SOURCE
Original cataloging agency U.S. Geological Survey. Library
043 ## - GEOGRAPHIC AREA CODE
Geographic area code n-us-ak
050 0# - LIBRARY OF CONGRESS CALL NUMBER
Classification number QE75
Item number .B9 no. 667
051 ## - LIBRARY OF CONGRESS COPY, ISSUE, OFFPRINT STATEMENT
Classification number QE84.C75
Item number E3
Copy information Copy 2.
100 10 - MAIN ENTRY--PERSONAL NAME
Personal name Eakin, Henry Miner,
Dates associated with a name 1883-1936.
245 14 - TITLE STATEMENT
Title The Cosna-Nowitna region, Alaska,
Statement of responsibility, etc. by Henry M. Eakin.
260 0# - PUBLICATION, DISTRIBUTION, ETC.
Place of publication, distribution, etc. Washington,
Name of publisher, distributor, etc. Govt. print. off.,
Date of publication, distribution, etc. 1918.
300 ## - PHYSICAL DESCRIPTION
Extent 54 p.
Other physical details illus., VIII pl. (part fold., incl. maps, in pocket) diagr.
Dimensions 24 cm.
490 0# - SERIES STATEMENT
Series statement U.S. Geological survey. Bulletin 667
500 ## - GENERAL NOTE
General note At head of title: Department of the interior.
650 #0 - SUBJECT ADDED ENTRY--TOPICAL TERM
Topical term or geographic name entry element Geology
Geographic subdivision Alaska.

No items available.

Powered by Koha